| 000 | 00418cam a2200169ua 4500 | ||
|---|---|---|---|
| 020 | _c3.00 | ||
| 041 |
_aeng _h |
||
| 082 |
_a512 _bTHO/EL |
||
| 100 | _aThomas, Moothedan . | ||
| 245 |
_aElementary text book of algebra / _cThomas Moothedan. _hTextual Documents |
||
| 260 |
_aMuvattupuzha : _bC.T.Devassy , _c1961. |
||
| 300 | _a180 ; . | ||
| 365 | _a3.00 | ||
| 504 | _a | ||
| 942 | _cBK | ||
| 999 |
_c9164 _d9164 |
||